000 00973nas a2200337 4500
001 BR0702563
003 BR-BrBNA
005 20231205110804.0
007 ta
008 230509b bl.|||p| |||| 00| 00por d
040 _aBR-BrBNA
_bpor
_cBiblioteca Nacional de Agricultura
041 _a(Pt)
072 _aT01; N10
100 1 _aSampaio, C.A. de P.
100 1 _aNääs, I. de A.
100 1 _aBaracho, M. dos S.
100 1 _aSalgado, D.D.
245 1 _aAvaliação de poluentes aéreos em instalações de creche e terminação de suínos
650 _aSUÍNO
650 _aPOLUENTE
650 _aINSTALAÇÃO PARA ANIMAL
650 _aPOLUIÇÃO AMBIENTAL
650 _aGRANJA
650 _aTERMINAÇÃO
650 _aAMÔNIA
650 _aFUNGO
650 _aSÃO PAULO
773 0 _tCiência Rural (Brazil)
_xISSN 0103-8478
_g(Mar-Apr 2007), v. 37(2) p. 488-494
_wBR0702563
909 _a202311
_bLúcia
_c55
_dLúcia Elande
942 _2AGRIS
_n0
_cANA
999 _c189068
_d189068